| 000 | 00303cam a22000977a 4500 | ||
|---|---|---|---|
| 008 | 180718b1938 xxu||||| |||| 00| 0 eng d | ||
| 082 | _aXA94x5452 M267 | ||
| 245 | _aReport on an enquiry into family budgets of industrial workers in Madras city | ||
| 260 |
_aMadras _bGovernment Press _c1938 |
||
| 300 | _a129p. | ||
| 999 |
_c498963 _d498963 |
||